[Event "Victoria-ch"]
[Site "Sidney CAN"]
[Date "2023.01.15"]
[Round "4.1"]
[White "Turner, John"]
[Black "Sali, Zulfikar"]
[Result "1-0"]
[WhiteElo "1853"]
[BlackElo "2323"]
[PlyCount "105"]
[EventDate "2023.01.14"]
[EventType "swiss"]
[EventRounds "6"]
[EventCountry "CAN"]

1. e4 c5 2. c3 a6 3. d4 cxd4 4. cxd4 d5 5. exd5 Nf6 6. Nf3 Nxd5 7. Be2 e6 8.
O-O Be7 9. Nbd2 O-O 10. Nc4 b5 11. Nce5 Bb7 12. a4 b4 13. Nc4 Nd7 14. Be3 Rc8
15. a5 Rc7 16. Qd3 Qa8 17. Rfc1 N7f6 18. h3 Rd8 19. Nce5 Rxc1+ 20. Rxc1 Nxe3
21. fxe3 Bd6 22. Nc4 Be4 23. Qd1 Bb8 24. Nb6 Qb7 25. Qb3 Nd5 26. Na4 Qe7 27.
Nc5 Bxf3 28. Bxf3 Qd6 29. Ne4 Qh2+ 30. Kf2 f5 31. Nc5 Qg3+ 32. Ke2 f4 33. Nxe6
fxe3 34. Nxd8 Qf2+ 35. Kd3 g6 36. Qxd5+ Kg7 37. Qf7+ Kh6 38. Qf8+ Kg5 39. Rc5+
Kh4 40. Qh6+ Kg3 41. Qxe3 Qxb2 42. Qe1+ Kh2 43. g4 Qb3+ 44. Ke4 Kxh3 45. g5 Qa2
46. Qf1+ Kh4 47. Rc1 Qg8 48. Qh1+ Kxg5 49. Rc5+ Kf6 50. Qh4+ Kg7 51. Qe7+ Kh6
52. Nf7+ Kg7 53. Rc8 1-0

[Event "Victoria-ch"]
[Site "Sidney CAN"]
[Date "2023.01.15"]
[Round "4.2"]
[White "Wu, Howard"]
[Black "Murphy, Owen"]
[Result "1-0"]
[WhiteElo "2051"]
[BlackElo "1399"]
[PlyCount "101"]
[EventDate "2023.01.14"]
[EventType "swiss"]
[EventRounds "6"]
[EventCountry "CAN"]

1. e4 e6 2. d4 d5 3. e5 c5 4. c3 Nc6 5. Nf3 Qb6 6. a3 c4 7. Be2 Nge7 8. O-O Na5
9. Nbd2 Bd7 10. Rb1 Rc8 11. h3 Nf5 12. g4 Ne7 13. Re1 Ng6 14. Bf1 Be7 15. Bg2
f6 16. exf6 gxf6 17. h4 Nf4 18. Nxc4 Nxc4 19. Bxf4 Rg8 20. g5 Qd8 21. gxf6 Bxf6
22. Ng5 Bxg5 23. Qh5+ Kf8 24. Bxg5 Rxg5 25. hxg5 Rc6 26. Bf1 Nd2 27. Rbd1 Qxg5+
28. Qxg5 Nf3+ 29. Kg2 Nxg5 30. Re5 Nf7 31. Rh5 Rb6 32. b4 Ba4 33. Rd3 Bc2 34.
Re3 Bg6 35. Rh4 Rc6 36. Bb5 Rc7 37. Rf4 Ke7 38. Bd3 Bxd3 39. Rxd3 Nd6 40. Rh4
Kf8 41. Rdh3 Kg8 42. Rh6 Rg7+ 43. Rg3 Rg6 44. Rgxg6+ hxg6 45. Rxg6+ Kf7 46. Rh6
Nb5 47. Rh7+ Kf6 48. Rxb7 Nxa3 49. Rxa7 Nb5 50. Ra5 Nxc3 51. b5 1-0

[Event "Victoria-ch"]
[Site "Sidney CAN"]
[Date "2023.01.15"]
[Round "4.3"]
[White "Bedward, Raemur"]
[Black "Leblanc, Paul"]
[Result "1/2-1/2"]
[WhiteElo "1444"]
[BlackElo "1760"]
[PlyCount "64"]
[EventDate "2023.01.14"]
[EventType "swiss"]
[EventRounds "6"]
[EventCountry "CAN"]

1. e4 c6 2. d4 d5 3. exd5 cxd5 4. c4 Nf6 5. Nc3 Nc6 6. Nf3 Bg4 7. Be2 e6 8. O-O
Be7 9. Re1 O-O 10. cxd5 Nxd5 11. a3 Bf6 12. Be3 Nxe3 13. fxe3 Rc8 14. Qa4 Qb6
15. Ne5 Bxe2 16. Nd7 Qxb2 17. Nxf6+ gxf6 18. Nxe2 Qb6 19. Ng3 Ne7 20. Rab1 Qc6
21. Qxa7 Rc7 22. Qb6 Qxb6 23. Rxb6 Nd5 24. Rb3 f5 25. e4 fxe4 26. Rxe4 Rfc8 27.
Ne2 Nc3 28. Rg4+ Kf8 29. Nxc3 Rxc3 30. Rxb7 Rxa3 31. Rf4 Rc1+ 32. Rf1 Rxf1+
1/2-1/2

[Event "Victoria-ch"]
[Site "Sidney CAN"]
[Date "2023.01.15"]
[Round "4.4"]
[White "Li, William"]
[Black "Mingrone, Peter"]
[Result "1-0"]
[WhiteElo "1000"]
[BlackElo "1698"]
[PlyCount "73"]
[EventDate "2023.01.14"]
[EventType "swiss"]
[EventRounds "6"]
[EventCountry "CAN"]

1. e4 d6 2. d4 Nf6 3. Nc3 g6 4. Nf3 Bg7 5. Bc4 O-O 6. Be3 a6 7. O-O b5 8. Bb3
b4 9. Nd5 Nxe4 10. Nxb4 Bb7 11. Re1 Nd7 12. Ng5 Nef6 13. Qd2 a5 14. Nd3 a4 15.
Qb4 axb3 16. Qxb7 bxa2 17. Qb3 h6 18. Nf3 Qb8 19. Qxb8 Rfxb8 20. c3 e6 21. Re2
Nd5 22. Nc1 c5 23. Rxa2 Rxa2 24. Nxa2 Ra8 25. b4 c4 26. Rc2 Ra3 27. Bc1 Ra8 28.
Nd2 N7b6 29. Ne4 Bf8 30. f3 f5 31. Nd2 Kf7 32. Nb1 Kf6 33. Na3 Bg7 34. Nb5 Ke7
35. Bd2 Kd7 36. Bc1 g5 37. Kf2 {Zeitnot.} 1-0

[Event "Victoria-ch"]
[Site "Sidney CAN"]
[Date "2023.01.15"]
[Round "4.5"]
[White "Lorenz, Martin"]
[Black "Lupini, Elliot"]
[Result "0-1"]
[WhiteElo "839"]
[BlackElo "1609"]
[PlyCount "112"]
[EventDate "2023.01.14"]
[EventType "swiss"]
[EventRounds "6"]
[EventCountry "CAN"]

1. e4 c5 2. d4 cxd4 3. c3 dxc3 4. Nxc3 Nc6 5. Nf3 d6 6. Bc4 e6 7. O-O Be7 8.
Qe2 Nf6 9. Rd1 Qa5 10. Nb5 a6 11. Nxd6+ Bxd6 12. Rxd6 O-O 13. Bf4 Ne8 14. Rdd1
b5 15. Bb3 Qb4 16. Bd2 Qe7 17. Rac1 Bb7 18. a3 Rd8 19. Bc3 Nc7 20. Qe3 Rxd1+
21. Rxd1 Rd8 22. Rxd8+ Qxd8 23. Qb6 Qb8 24. Qe3 Qd8 25. Qf4 h6 26. Qg3 Ne8 27.
Bc2 Qd6 28. Qg4 e5 29. h4 a5 30. Qf5 f6 31. Bb3+ Kh8 32. h5 Ne7 33. Nxe5 Nxf5
34. Nf7+ Kh7 35. Nxd6 Nfxd6 36. f3 a4 37. Be6 Bc6 38. Kf2 Nc7 39. Ba2 Bd7 40.
Bb1 Kg8 41. e5 fxe5 42. Bxe5 Nce8 43. Bg6 Kf8 44. f4 Nc4 45. Bc3 Nc7 46. g3 Nd5
47. Bd4 Ke7 48. Bxg7 Nf6 49. Bxh6 Ng4+ 50. Kf3 Nxh6 51. g4 Bxg4+ 52. Ke4 Nxb2
53. Kd4 Nc4 54. Kc3 Kd6 55. Bd3 Kc5 56. Bg6 Nxa3 0-1

[Event "Victoria-ch"]
[Site "Sidney CAN"]
[Date "2023.01.15"]
[Round "5.1"]
[White "Wu, Howard"]
[Black "Turner, John"]
[Result "1-0"]
[WhiteElo "2051"]
[BlackElo "1853"]
[PlyCount "87"]
[EventDate "2023.01.14"]
[EventType "swiss"]
[EventRounds "6"]
[EventCountry "CAN"]

1. e4 d6 2. d4 Nf6 3. Nc3 g6 4. Nf3 Bg7 5. h3 c5 6. dxc5 Qa5 7. Bd3 dxc5 8. O-O
Nfd7 9. Nd5 e6 10. Bd2 Qd8 11. Nc3 a6 12. a4 Nc6 13. Bg5 Qc7 14. Qd2 h6 15. Bf4
Nce5 16. Be2 Nxf3+ 17. Bxf3 Ne5 18. Be2 Bd7 19. Rfd1 Rd8 20. Qe3 Ke7 21. Bg3
Bc8 22. f4 Nc4 23. Qf3 Bd4+ 24. Kh2 Nd6 25. f5 Qc6 26. fxg6 fxg6 27. Qg4 g5 28.
Bf3 Qe8 29. e5 Nf5 30. Ne4 Ne3 31. Qh5 Qxh5 32. Bxh5 Nxd1 33. Rxd1 b6 34. Nd6
Rh7 35. c3 Be3 36. Rf1 Bd7 37. Nc4 b5 38. Nxe3 bxa4 39. Ng4 Rb8 40. Rf2 Rhh8
41. Nf6 Rhf8 42. Rd2 Rbd8 43. Bf2 Rxf6 44. Bxc5# 1-0

[Event "Victoria-ch"]
[Site "Sidney CAN"]
[Date "2023.01.15"]
[Round "5.2"]
[White "Lupini, Elliot"]
[Black "Li, William"]
[Result "1-0"]
[WhiteElo "1609"]
[BlackElo "1000"]
[PlyCount "43"]
[EventDate "2023.01.14"]
[EventType "swiss"]
[EventRounds "6"]
[EventCountry "CAN"]

1. d4 d5 2. c4 e6 3. Nc3 Nf6 4. Nf3 Nc6 5. Bg5 Be7 6. e3 O-O 7. a3 a5 8. Bd3
dxc4 9. Bxc4 Nd5 10. Bxe7 Ncxe7 11. O-O b6 12. Rc1 Ba6 13. Bxa6 Rxa6 14. Qd3
Nxc3 15. Qxa6 Ncd5 16. Ne5 Qd6 17. Rc2 Nf5 18. Rc6 Qe7 19. Qe2 Nf6 20. Rfc1 Rc8
21. Qa6 Qd8 22. Rxc7 1-0

[Event "Victoria-ch"]
[Site "Sidney CAN"]
[Date "2023.01.15"]
[Round "5.4"]
[White "Talsma, Shawn"]
[Black "Yonkman, Trevor"]
[Result "0-1"]
[WhiteElo "1875"]
[BlackElo "1583"]
[PlyCount "68"]
[EventDate "2023.01.14"]
[EventType "swiss"]
[EventRounds "6"]
[EventCountry "CAN"]

1. e4 c5 2. Nf3 g6 3. d4 cxd4 4. c3 dxc3 5. Nxc3 Bg7 6. Bc4 Nc6 7. O-O d6 8.
Qe2 Nf6 9. Rd1 Ng4 10. h3 Nge5 11. Bb3 O-O 12. Be3 Nxf3+ 13. Qxf3 Be6 14. Nd5
Bxb2 15. Rab1 Bg7 16. Qg3 Rc8 17. f4 Na5 18. Bxa7 Nxb3 19. Qxb3 Bxd5 20. Qxd5
Ra8 21. Bf2 Qa5 22. Qxa5 Rxa5 23. Rxb7 Bf6 24. g4 g5 25. fxg5 Rxg5 26. Rd5 Ra8
27. Rxg5+ Bxg5 28. Ra7 Rb8 29. h4 Rb1+ 30. Kg2 Bf6 31. g5 Be5 32. a4 Rb2 33.
Kf3 Rxf2+ 34. Kxf2 Bd4+ 0-1

[Event "Victoria-ch"]
[Site "Sidney CAN"]
[Date "2023.01.15"]
[Round "5.5"]
[White "Leblanc, Paul"]
[Black "Pepper, Stephan"]
[Result "1-0"]
[WhiteElo "1760"]
[BlackElo "1226"]
[PlyCount "39"]
[EventDate "2023.01.14"]
[EventType "swiss"]
[EventRounds "6"]
[EventCountry "CAN"]

1. d4 d5 2. Bf4 Nf6 3. e3 Nc6 4. Nd2 Bf5 5. a3 e6 6. c4 Bd6 7. Bg3 Ne4 8. Ngf3
Nxg3 9. hxg3 h6 10. c5 Be7 11. b4 Bf6 12. Nb3 a6 13. Bd3 Bxd3 14. Qxd3 Qd7 15.
O-O O-O 16. Qc3 Rfe8 17. a4 e5 18. b5 exd4 19. bxc6 dxc3 20. cxd7 1-0

[Event "Victoria-ch"]
[Site "Sidney CAN"]
[Date "2023.01.15"]
[Round "6.1"]
[White "Lupini, Elliot"]
[Black "Wu, Howard"]
[Result "0-1"]
[WhiteElo "1609"]
[BlackElo "2051"]
[PlyCount "60"]
[EventDate "2023.01.14"]
[EventType "swiss"]
[EventRounds "6"]
[EventCountry "CAN"]

1. d4 Nf6 2. Bf4 g6 3. Nf3 Bg7 4. e3 O-O 5. h3 c5 6. c3 d6 7. Be2 a6 8. a4 b6
9. O-O Bb7 10. Nbd2 Nbd7 11. Qc2 Rc8 12. Rfe1 Re8 13. Rad1 Qc7 14. Qb1 cxd4 15.
exd4 Qc6 16. Qa2 e5 17. dxe5 dxe5 18. Bh2 Qc5 19. Ng5 Bd5 20. c4 Bc6 21. Nge4
Nxe4 22. Nxe4 Bxe4 23. Rxd7 Qc6 24. Rdd1 Bxg2 25. Qb3 Rf8 26. Qd3 Be4 27. Qd6
Qxa4 28. Bxe5 Bxe5 29. Qxe5 Bf5 30. Rd4 Rce8 0-1

[Event "Victoria-ch"]
[Site "Sidney CAN"]
[Date "2023.01.15"]
[Round "6.2"]
[White "Forman, Ken"]
[Black "Sali, Zulfikar"]
[Result "0-1"]
[WhiteElo "1619"]
[BlackElo "2323"]
[PlyCount "106"]
[EventDate "2023.01.14"]
[EventType "swiss"]
[EventRounds "6"]
[EventCountry "CAN"]

1. e4 c5 2. Nf3 d6 3. d4 cxd4 4. Nxd4 Nf6 5. Nc3 a6 6. Bc4 e6 7. Bb3 Be7 8. Qf3
O-O 9. Be3 Nbd7 10. Qg3 Nc5 11. f3 Kh8 12. O-O-O Qc7 13. Qf2 b5 14. a3 Bb7 15.
g4 Rac8 16. g5 Nfd7 17. Kb1 Nxb3 18. Nxb3 Ne5 19. Bb6 Qb8 20. Na5 Ba8 21. Rhg1
Nc4 22. Nxc4 Rxc4 23. Ba5 Rfc8 24. Bb4 Qc7 25. Qd2 d5 26. Bxe7 Qxe7 27. exd5
exd5 28. Nxd5 Bxd5 29. Qxd5 Rxc2 30. Rge1 Qf8 31. h4 Kg8 32. Rc1 Rd8 33. Qe4
Rh2 34. Rcd1 Rc8 35. Rc1 Rb8 36. Qf4 Rg2 37. Rg1 Rxg1 38. Rxg1 b4 39. axb4 Rxb4
40. Qg3 Qd8 41. Qf2 g6 42. Qe2 a5 43. Rd1 Qc8 44. Qe5 a4 45. Qa5 Rb8 46. Qxa4
Ra8 47. Qe4 Qa6 48. Qd5 Qa1+ 49. Kc2 Rc8+ 50. Kb3 Rb8+ 51. Kc2 Rxb2+ 52. Kc3
Rb1+ 53. Kc2 Qb2+ 0-1

[Event "Victoria-ch"]
[Site "Sidney CAN"]
[Date "2023.01.15"]
[Round "6.3"]
[White "Turner, John"]
[Black "Leblanc, Paul"]
[Result "1/2-1/2"]
[WhiteElo "1853"]
[BlackElo "1760"]
[PlyCount "100"]
[EventDate "2023.01.14"]
[EventType "swiss"]
[EventRounds "6"]
[EventCountry "CAN"]

1. e4 c6 2. d4 d5 3. f3 e6 4. Be3 dxe4 5. Nc3 exf3 6. Nxf3 Nf6 7. Ne5 Be7 8.
Be2 Nbd7 9. Nf3 Nd5 10. Nxd5 cxd5 11. O-O O-O 12. Bd3 Nf6 13. Ne5 Bd7 14. Rf3
Ne4 15. Rh3 f5 16. Bxe4 dxe4 17. Qh5 h6 18. Bxh6 Be8 19. Ng6 Bf6 20. Be3 Bxg6
21. Qxg6 Qe8 22. Qh7+ Kf7 23. Qh5+ Ke7 24. Qe2 Rc8 25. c3 Qc6 26. Rg3 Rg8 27.
Bg5 Bxg5 28. Rxg5 g6 29. Rf1 Rg7 30. h4 e5 31. Rfxf5 exd4 32. Re5+ Kf8 33. cxd4
Qc1+ 34. Qf1+ Qxf1+ 35. Kxf1 Rc1+ 36. Ke2 Rc2+ 37. Ke3 Rxb2 38. Ra5 a6 39. Rge5
Rxg2 40. Rxe4 Re7 41. Rxe7 Kxe7 42. Kf3 Rd2 43. Ke3 Rh2 44. Rg5 Rh3+ 45. Ke4
Rxh4+ 46. Kd3 Kf6 47. Rg2 Rh7 48. d5 Ke5 49. Rg5+ Kf6 50. Rg2 Ke5 1/2-1/2

[Event "Victoria-ch"]
[Site "Sidney CAN"]
[Date "2023.01.15"]
[Round "6.4"]
[White "Styffe, Andrew"]
[Black "Yonkman, Trevor"]
[Result "0-1"]
[WhiteElo "1142"]
[BlackElo "1583"]
[PlyCount "76"]
[EventDate "2023.01.14"]
[EventType "swiss"]
[EventRounds "6"]
[EventCountry "CAN"]

1. e4 c5 2. Bc4 e6 3. Nc3 a6 4. a4 Nc6 5. Nge2 Nf6 6. d4 d5 7. exd5 exd5 8. Ba2
c4 9. h3 Bb4 10. O-O O-O 11. Bg5 Be6 12. Nb1 h6 13. Bh4 Bd6 14. f4 b5 15. f5
Bc8 16. c3 Qe7 17. Qc2 Re8 18. Re1 Qe3+ 19. Kh1 Ne4 20. Na3 Bxf5 21. Qc1 Qxc1
22. Raxc1 g5 23. axb5 axb5 24. Bb1 gxh4 25. Nxb5 Bg3 26. Nxg3 Nxg3+ 27. Kg1
Rxe1+ 28. Rxe1 Ra1 29. Na3 Bxb1 30. Nc2 Bxc2 31. Rxa1 Ne7 32. Kf2 Kg7 33. Ra6
Ng6 34. Ke3 Be4 35. Kf2 Nf4 36. Ra1 Bxg2 37. Rg1 Nxh3+ 38. Kxg2 Nxg1 0-1

[Event "Winnipeg TNT 2023.02"]
[Site "Winnipeg CAN"]
[Date "2023.02.07"]
[Round "1.1"]
[White "Klokow, John"]
[Black "Lipnowski, Samuel"]
[Result "0-1"]
[WhiteElo "1652"]
[BlackElo "2189"]
[PlyCount "75"]
[EventDate "2023.02.07"]
[EventType "swiss"]
[EventRounds "4"]
[EventCountry "CAN"]

1. e4 e5 2. Nf3 Nc6 3. Bc4 Nf6 4. Ng5 d5 5. exd5 Na5 6. Bb5+ c6 7. dxc6 bxc6 8.
Bd3 h6 9. Ne4 Nd5 10. O-O Nf4 11. Be2 f5 12. Ng3 Bd6 13. d4 O-O 14. dxe5 Bxe5
15. Qxd8 Nxe2+ 16. Nxe2 Rxd8 17. Nbc3 Ba6 18. Re1 Nc4 19. b3 Nb6 20. Rb1 Nd5
21. Nxd5 Rxd5 22. c4 Rd7 23. Be3 Rad8 24. g3 g5 25. h4 gxh4 26. Bxh6 hxg3 27.
Nxg3 Bc3 28. Re6 Kf7 29. Re2 c5 30. Be3 Bb7 31. Bxc5 f4 32. Ne4 Rg8+ 33. Kf1
Rh8 34. Kg2 Rdd8 35. Kf3 Be5 36. Kg4 Bc8+ 37. Kf3 Rd3+ 38. Kg2 0-1

[Event "Winnipeg TNT 2023.02"]
[Site "Winnipeg CAN"]
[Date "2023.02.07"]
[Round "1.2"]
[White "Baron, Gustav"]
[Black "Crawford, Gary"]
[Result "1-0"]
[WhiteElo "2080"]
[BlackElo "1611"]
[PlyCount "49"]
[EventDate "2023.02.07"]
[EventType "swiss"]
[EventRounds "4"]
[EventCountry "CAN"]

1. e4 e5 2. Nf3 Nc6 3. Bb5 a6 4. Ba4 d6 5. O-O Nf6 6. Re1 Bd7 7. c3 Be7 8. d4
b5 9. Bc2 Bg4 10. d5 Na7 11. Nbd2 O-O 12. h3 Bxh3 13. gxh3 Qd7 14. Kg2 Nh5 15.
Nf1 g6 16. Ng3 Nf4+ 17. Bxf4 exf4 18. Ne2 g5 19. Rg1 h5 20. Nfd4 Kh8 21. Nxf4
g4 22. Nf5 Rg8 23. Kf1 Bg5 24. Nxh5 gxh3 25. Nf6 1-0

[Event "Winnipeg TNT 2023.02"]
[Site "Winnipeg CAN"]
[Date "2023.02.07"]
[Round "1.3"]
[White "Aiello, Pietro"]
[Black "Boron, Anthony"]
[Result "0-1"]
[WhiteElo "1562"]
[BlackElo "2022"]
[PlyCount "122"]
[EventDate "2023.02.07"]
[EventType "swiss"]
[EventRounds "4"]
[EventCountry "CAN"]

1. e4 e6 2. d4 d5 3. Nd2 dxe4 4. Nxe4 Bd7 5. Bd3 Bc6 6. Nf3 Nd7 7. Bf4 Ngf6 8.
Qe2 Nxe4 9. Bxe4 Bxe4 10. Qxe4 c6 11. O-O Nf6 12. Qd3 Bd6 13. Bxd6 Qxd6 14. Ne5
Rd8 15. Qg3 O-O 16. Rad1 c5 17. c3 Qa6 18. a3 cxd4 19. Rxd4 Rxd4 20. cxd4 Rd8
21. Rc1 Qb6 22. h3 Qxb2 23. Rc7 Rf8 24. Nd7 Nxd7 25. Rxd7 Qc1+ 26. Kh2 Qc8 27.
Qd6 Qb8 28. Qxb8 Rxb8 29. Kg3 Kf8 30. Kf4 Ke8 31. Rc7 Rd8 32. Rxb7 Rxd4+ 33.
Ke5 Rd5+ 34. Ke4 Ra5 35. Rb3 Ke7 36. Kd4 g6 37. Kc4 Kd6 38. Kb4 Ra6 39. Rd3+
Ke7 40. a4 Rb6+ 41. Ka5 e5 42. Rc3 Kd7 43. Rd3+ Kc7 44. Rf3 f5 45. Rc3+ Kb7 46.
Rd3 Rc6 47. Rd7+ Rc7 48. Rd5 e4 49. Rb5+ Ka8 50. Rb2 Re7 51. Rc2 f4 52. Ka6
Re6+ 53. Ka5 Kb7 54. Rb2+ Kc7 55. Rc2+ Kd6 56. Rd2+ Ke7 57. Rb2 e3 58. Rb7+ Kf6
59. fxe3 fxe3 60. Rb1 Kf5 61. Re1 Ke4 0-1

[Event "Winnipeg TNT 2023.02"]
[Site "Winnipeg CAN"]
[Date "2023.02.07"]
[Round "1.4"]
[White "Bince, Rolando"]
[Black "March, John"]
[Result "1-0"]
[WhiteElo "1928"]
[BlackElo "1359"]
[PlyCount "85"]
[EventDate "2023.02.07"]
[EventType "swiss"]
[EventRounds "4"]
[EventCountry "CAN"]

1. e4 c6 2. d4 d5 3. e5 Bf5 4. Nf3 e6 5. c3 Be7 6. Be2 Nd7 7. O-O c5 8. a4 Qa5
9. dxc5 Qxc5 10. Be3 Qc7 11. Bb5 a6 12. Bxd7+ Qxd7 13. Nd4 Bg6 14. Nd2 Bc5 15.
N2f3 Ne7 16. g4 O-O 17. h4 Nc6 18. h5 Be4 19. Nxc6 Qxc6 20. Nd4 Qc7 21. f4 h6
22. Qd2 Qd8 23. Qh2 Re8 24. Qg3 f5 25. g5 hxg5 26. fxg5 Qb6 27. b4 Bxd4 28.
Bxd4 Qc6 29. g6 b5 30. Qg5 Qc4 31. a5 Qd3 32. Ra2 Qh3 33. Rh2 Qg4+ 34. Qxg4
fxg4 35. Rhf2 g3 36. Rf7 g2 37. R1f4 Rf8 38. Bc5 Rfd8 39. Rh4 Rac8 40. Rhf4
Rxc5 41. bxc5 d4 42. cxd4 Rxd4 43. Rf8# 1-0

[Event "Winnipeg TNT 2023.02"]
[Site "Winnipeg CAN"]
[Date "2023.02.07"]
[Round "1.5"]
[White "Mandusic, Ante"]
[Black "Bonness, Will"]
[Result "0-1"]
[WhiteElo "1216"]
[BlackElo "1856"]
[PlyCount "64"]
[EventDate "2023.02.07"]
[EventType "swiss"]
[EventRounds "4"]
[EventCountry "CAN"]

1. e4 d5 2. d3 dxe4 3. Nc3 exd3 4. Bxd3 Nf6 5. Nf3 e6 6. O-O Be7 7. Bf4 Bd7 8.
a3 Bc6 9. b4 a6 10. Bg5 Nbd7 11. b5 axb5 12. Nxb5 O-O 13. Bf4 Bxb5 14. Bxb5 c6
15. Bd3 Nd5 16. Bd2 Nc5 17. Be2 Ne4 18. c4 Ndc3 19. Bxc3 Nxc3 20. Qxd8 Nxe2+
21. Kh1 Rfxd8 22. Rfe1 Nd4 23. Nd2 Nc2 24. a4 Nxe1 25. Rxe1 Rxd2 26. Rf1 Rxa4
27. g3 Rxc4 28. Kg2 Rcc2 29. Kg1 Bc5 30. Kg2 Rxf2+ 31. Rxf2 Rxf2+ 32. Kh3 b5
0-1

[Event "Winnipeg TNT 2023.02"]
[Site "Winnipeg CAN"]
[Date "2023.02.07"]
[Round "1.7"]
[White "Ling, Aiden"]
[Black "Vaughan, Nathan"]
[Result "0-1"]
[WhiteElo "926"]
[BlackElo "1757"]
[PlyCount "66"]
[EventDate "2023.02.07"]
[EventType "swiss"]
[EventRounds "4"]
[EventCountry "CAN"]

1. e4 e5 2. Nf3 Nc6 3. Bb5 Nf6 4. O-O Nxe4 5. d4 Nd6 6. Re1 Nxb5 7. Nxe5 Be7 8.
Nxc6 dxc6 9. c4 Nxd4 10. Nc3 O-O 11. Bf4 Ne6 12. Bd2 Bg5 13. Ne4 Bxd2 14. Nxd2
b6 15. Nb3 Qf6 16. Rb1 c5 17. a4 Bb7 18. a5 Qg5 19. f3 Nf4 20. g3 Rad8 21. Qc1
Nh3+ 22. Kg2 Qxc1 23. Rbxc1 Ng5 24. Rc3 Nxf3 25. Rxf3 Rd3 26. Kh3 Bxf3 27. Nc1
Rd6 28. g4 f5 29. gxf5 Rxf5 30. Kg3 Bd1 31. h3 Rg6+ 32. Kh2 Rf2+ 33. Kh1 Bf3#
0-1

[Event "Winnipeg TNT 2023.02"]
[Site "Winnipeg CAN"]
[Date "2023.02.07"]
[Round "1.9"]
[White "Nouri, Basir"]
[Black "Dhillon, Iqvinder"]
[Result "0-1"]
[WhiteElo "1451"]
[BlackElo "1711"]
[PlyCount "52"]
[EventDate "2023.02.07"]
[EventType "swiss"]
[EventRounds "4"]
[EventCountry "CAN"]

1. e4 c5 2. d4 cxd4 3. Qxd4 Nc6 4. Qd1 Nf6 5. Nc3 d6 6. Be3 Ng4 7. Qd2 Nxe3 8.
Qxe3 a6 9. a3 b5 10. Be2 Bb7 11. f4 e6 12. Nf3 Be7 13. O-O O-O 14. Rad1 Qc7 15.
e5 Rad8 16. exd6 Bxd6 17. g3 Na5 18. b4 Nc4 19. Bxc4 Qxc4 20. Rd4 Qc6 21. Kf2
Bc7 22. Rd2 Rxd2+ 23. Qxd2 Qxf3+ 24. Ke1 Qc6 25. Qe3 Bb6 26. Qe5 f6 0-1

[Event "Winnipeg TNT 2023.02"]
[Site "Winnipeg CAN"]
[Date "2023.02.14"]
[Round "2.1"]
[White "Lipnowski, Samuel"]
[Black "Atem, James"]
[Result "1-0"]
[WhiteElo "2189"]
[BlackElo "1809"]
[PlyCount "83"]
[EventDate "2023.02.07"]
[EventType "swiss"]
[EventRounds "4"]
[EventCountry "CAN"]

1. e4 c5 2. Nf3 g6 3. d4 Bg7 4. Nc3 cxd4 5. Nxd4 a6 6. Be3 d6 7. Be2 Nd7 8. O-O
Ngf6 9. a4 Ne5 10. h3 Bd7 11. f4 Nc6 12. Nb3 O-O 13. a5 Qc8 14. Kh2 Nb4 15. Rc1
Ne8 16. Bd4 e5 17. fxe5 dxe5 18. Bc5 Nc6 19. Nd5 Be6 20. Nb6 Qb8 21. Nxa8 Qxa8
22. Bxf8 Bxf8 23. Bg4 Ng7 24. Bxe6 Nxe6 25. Qd7 Be7 26. Rf2 Nf8 27. Qd5 Qe8 28.
Rcf1 Nd8 29. Nc5 Bxc5 30. Qxc5 Nc6 31. Rxf7 Qxf7 32. Rxf7 Kxf7 33. Qb6 Nd7 34.
Qxb7 Ncb8 35. b4 Kf6 36. c4 Kg5 37. b5 axb5 38. cxb5 Kf4 39. a6 Nxa6 40. bxa6
Nc5 41. Qf7+ Kxe4 42. a7 1-0

[Event "Winnipeg TNT 2023.02"]
[Site "Winnipeg CAN"]
[Date "2023.02.14"]
[Round "2.2"]
[White "Vaughan, Nathan"]
[Black "Baron, Gustav"]
[Result "0-1"]
[WhiteElo "1757"]
[BlackElo "2080"]
[PlyCount "60"]
[EventDate "2023.02.07"]
[EventType "swiss"]
[EventRounds "4"]
[EventCountry "CAN"]

1. e4 c5 2. Nf3 Nc6 3. d4 cxd4 4. Nxd4 e5 5. Nb5 d6 6. N1c3 a6 7. Na3 b5 8. Nd5
Be6 9. Bd3 Nf6 10. Bg5 Be7 11. Bxf6 Bxf6 12. c3 O-O 13. Nc2 Bg5 14. h4 Bh6 15.
g4 g6 16. Qf3 Bxd5 17. exd5 Ne7 18. h5 Bf4 19. hxg6 fxg6 20. Qh3 Rf7 21. Ne3 b4
22. c4 Qa5 23. b3 Qa3 24. O-O Raf8 25. Ng2 Bd2 26. Nh4 Bc3 27. Rab1 Qxa2 28.
Qg3 Bd4 29. Nf5 gxf5 30. gxf5+ Rg7 0-1

[Event "Winnipeg TNT 2023.02"]
[Site "Winnipeg CAN"]
[Date "2023.02.14"]
[Round "2.3"]
[White "Dhillon, Iqvinder"]
[Black "Bince, Rolando"]
[Result "1-0"]
[WhiteElo "1711"]
[BlackElo "1928"]
[PlyCount "111"]
[EventDate "2023.02.07"]
[EventType "swiss"]
[EventRounds "4"]
[EventCountry "CAN"]

1. f4 c5 2. e4 Nf6 3. Nc3 d6 4. Nf3 Nc6 5. d4 cxd4 6. Nxd4 a6 7. Nxc6 bxc6 8.
e5 Bg4 9. Be2 Bxe2 10. Qxe2 dxe5 11. fxe5 Nd5 12. e6 fxe6 13. Qxe6 Qd7 14.
Qxd7+ Kxd7 15. Bd2 e6 16. O-O-O Be7 17. Na4 Ke8 18. Rhe1 Kf7 19. Rf1+ Nf6 20.
g4 h6 21. Nb6 Rad8 22. Nc4 Rd5 23. Rde1 Bd6 24. Bf4 Bxf4+ 25. Rxf4 Rhd8 26.
Ne5+ Kg8 27. Nxc6 R8d7 28. c4 Rd2 29. Ne5 R7d4 30. Rxf6 gxf6 31. Nf3 R2d3 32.
Nxd4 Rxd4 33. b3 e5 34. h3 Rd3 35. h4 Rd4 36. g5 hxg5 37. hxg5 fxg5 38. Rxe5 g4
39. Kc2 Kf7 40. Kc3 Rf4 41. c5 Kf6 42. Re8 Kf7 43. Re3 Rf5 44. b4 Rg5 45. Rg3
Ke6 46. Kd4 Kf5 47. a4 Kf4 48. Rg1 g3 49. b5 axb5 50. axb5 g2 51. b6 Kf3 52. b7
Rg4+ 53. Kc3 Rg8 54. c6 Rg6 55. b8=Q Rxc6+ 56. Kd3 1-0

[Event "Winnipeg TNT 2023.02"]
[Site "Winnipeg CAN"]
[Date "2023.02.14"]
[Round "2.5"]
[White "Stordeur, Jackson"]
[Black "MacPherson, Al"]
[Result "1-0"]
[WhiteElo "1641"]
[BlackElo "1672"]
[PlyCount "114"]
[EventDate "2023.02.07"]
[EventType "swiss"]
[EventRounds "4"]
[EventCountry "CAN"]

1. e4 c5 2. Nf3 d6 3. d4 cxd4 4. Nxd4 Nf6 5. Nc3 a6 6. Be2 e6 7. O-O Be7 8. Be3
O-O 9. f4 Qc7 10. Kh1 b5 11. Bf3 Bb7 12. a3 Nbd7 13. f5 e5 14. Nb3 Rac8 15. Qe1
Ba8 16. g4 Nb6 17. g5 Ne8 18. Rg1 Nc4 19. f6 Nxf6 20. gxf6 Bxf6 21. Bc1 Nxa3
22. Rxa3 b4 23. Rxa6 bxc3 24. bxc3 Qxc3 25. Qg3 Rc6 26. Rxc6 Qxc6 27. Bh6 g6
28. Bxf8 Kxf8 29. Qg2 Qc3 30. Nc1 Bg5 31. Nd3 Be3 32. Rb1 Bc6 33. Nb4 Ba8 34.
Nd5 Bxd5 35. exd5 Bc5 36. Qe2 Kg7 37. Qd3 Qa5 38. Rf1 Qd8 39. Qd2 Qh4 40. Bg2
Qe7 41. Rb1 e4 42. Qc3+ f6 43. Bh3 e3 44. Be6 Kh6 45. Rb8 f5 46. Qe1 Qg5 47.
Qe2 Qf4 48. Rb7 Qe4+ 49. Kg1 Qh4 50. Bg8 Qg4+ 51. Qxg4 fxg4 52. Rxh7+ Kg5 53.
Kf1 Kf4 54. Ke2 g3 55. hxg3+ Kxg3 56. Rg7 Kf4 57. Rxg6 Ke5 1-0

[Event "Winnipeg TNT 2023.02"]
[Site "Winnipeg CAN"]
[Date "2023.02.14"]
[Round "2.6"]
[White "Furda, Ievgeniia-Diana"]
[Black "Roberts, Allan"]
[Result "1-0"]
[WhiteElo "1611"]
[BlackElo "1437"]
[PlyCount "38"]
[EventDate "2023.02.07"]
[EventType "swiss"]
[EventRounds "4"]
[EventCountry "CAN"]

1. e4 e6 2. d4 d5 3. Nc3 Bb4 4. e5 c5 5. Bd2 Ne7 6. Nf3 Nbc6 7. Nb5 Bxd2+ 8.
Qxd2 Nf5 9. dxc5 f6 10. exf6 Qxf6 11. Nc7+ Kd7 12. Nxa8 Qxb2 13. Rc1 Qb4 14.
Qxb4 Nxb4 15. Bb5+ Kd8 16. a3 Na2 17. Ra1 Nc3 18. Bd3 Na4 19. Bxf5 exf5 {
and White won.} 1-0

[Event "Winnipeg TNT 2023.02"]
[Site "Winnipeg CAN"]
[Date "2023.02.14"]
[Round "2.7"]
[White "Ling, Aiden"]
[Black "Letain, Cory"]
[Result "0-1"]
[WhiteElo "926"]
[BlackElo "1741"]
[PlyCount "50"]
[EventDate "2023.02.07"]
[EventType "swiss"]
[EventRounds "4"]
[EventCountry "CAN"]

1. e4 e5 2. Nf3 Nf6 3. Nc3 Bb4 4. Bc4 Nc6 5. d3 O-O 6. Bg5 d6 7. h3 Be6 8. Bb3
Nd4 9. Bxe6 fxe6 10. O-O Qd7 11. a3 Ba5 12. b4 Bb6 13. Ne2 Nxf3+ 14. gxf3 Qf7
15. Ng3 Qg6 16. Qd2 h6 17. Be3 Nh5 18. Kg2 Bxe3 19. Qxe3 Nf4+ 20. Kh2 Qg5 21.
Rae1 Qh4 22. Kg1 Qxh3 23. Qxf4 exf4 24. Ne2 Rf6 25. Nd4 Rg6# 0-1